000 00224nam a2200097Ia 4500
008 190216s9999||||xx |||||||||||||| ||und||
100 _aNull
245 0 _aHindi-Pagal Man Ke Des Mehare
260 _bSahithyasadan
942 _cBK
999 _c18064
_d18064